| 000 | 00915nam a22002657a 4500 | ||
|---|---|---|---|
| 005 | 20250507113224.0 | ||
| 008 | 250507b |||||||| |||| 00| 0 eng d | ||
| 020 | _a978-1-03-242802-4 (pbk) | ||
| 037 | _cTB | ||
| 040 |
_aCRL _cCRL |
||
| 041 |
_2eng _aeng |
||
| 084 |
_a2:(D65,8(B)):8 R4 _qCRL |
||
| 100 |
_aFernandez, Irma Becerra _9754898 |
||
| 245 |
_aKnowledge management: _b Systems and processes in the AI era |
||
| 250 | _a3rd ed. | ||
| 260 |
_aLondon, UK: _bRoutledge, _c2024. |
||
| 300 | _ax, 378p. | ||
| 365 |
_b35.99 _cUKP |
||
| 650 | _aDigital Libraries | ||
| 650 | _aKnowledge Management | ||
| 700 |
_aSabherwal, Rajiv _eAuthor _9754899 |
||
| 700 |
_aKumi, Richard _eAuthor _9754900 |
||
| 942 |
_2CC _cTB _h2:(D65,8(B)):8 R4 _n0 |
||
| 999 |
_c1312958 _d1312958 |
||